Bestias, hombres, dioses /

Testimonio de Ferdinand Ossendowski (1876- 1944) sobre su huída de Siberia en los años 1920-1921 y el posterior itinerario que cumplió a través de Mongolia, Tibet y China.

Guardado en:
Detalles Bibliográficos
Autor principal: Ossendowski, Ferdinand (autor)
Formato: Libro
Idioma:Español
Colección:(Paisajes, Pueblos, Aventuras)
Temas:
Etiquetas: Agrega una etiqueta
Sin etiquetas, Sé el primero en etiquetar este registro!

MARC

LEADER 00000nam^a2200000^a^4500
001 000108934
005 20250521000000.0
009 20260310093704.409
037 |a Acervo ITESO - Biblioteca 
041 |a ESP 
082 |a 950. 41  |b OSS 
100 |a Ossendowski, Ferdinand  |e (autor) 
240 1 1 |a [Bestias, hombres, dioses] 
245 1 0 |a Bestias, hombres, dioses /  |c F. Ossendowski ; tr. por Gonzalo Guasp ; presen. de Lewis S. Palen. 
264 |a Madrid, España :  |b Aguilar,  |c fecha no identificada 
300 |a 287 p. 
336 |a texto  |b txt  |2 rdacontenido 
337 |a sin mediación  |b n  |2 rdamedio 
338 |a volumen  |b nc  |2 rdasoporte 
440 1 |a (Paisajes, Pueblos, Aventuras) 
520 |a Testimonio de Ferdinand Ossendowski (1876- 1944) sobre su huída de Siberia en los años 1920-1921 y el posterior itinerario que cumplió a través de Mongolia, Tibet y China. 
649 |a XX 
650 |a Siberia, Rusia -  |x Historia -  |y Revolución de Octubre, 1917-1922 
650 |a Siberia, Rusia -  |x Historia -  |y Siglo XX 
650 |a Siberia, Rusia -  |x Descripción 
650 |a Rusia -  |x Historia -  |y Revolución de Octubre, 1917-1922 
650 |a Rusia -  |x Historia -  |y Siglo XX 
650 |a Asia -  |x Historia -  |y Siglo XX 
650 |a Mongolia -  |x Descripción 
650 |a Tíbet -  |x Descripción 
650 |a China -  |x Descripción 
650 |a Asia -  |x Descripción 
910 |a Fondo Jesús Rodríguez 
920 |a Impresos - Libros 
930 |a Fondos Especiales 
905 |a 113 
901 |a 0500044654  |b IT2  |c ESP  |u 20250521 
902 |a https://opac.biblio.iteso.mx/vufind/Record/000108934